000 00903cam a2200253 a 4500
001 4432
003 BD-RjUL
005 20211208233906.0
008 131222s1964 enk 001 0 eng c
035 _a(BD-RjUL)4467
_aOCLC ocm00505344 from D980306M
040 _aWSU
_cWSU
_dUKM
_dOCL
_dEQO
_dBD-RjUL
_beng
041 _aeng
082 0 4 _a341.2
_218
_bSCI 1964
100 1 _aSchechter, Alan H.
_q(Alan Henry),
_d1936-
_914013
245 1 0 _aInterpretation of ambiguous documents by international administrative tribunals /
_cby Alan H. Schechter.
260 _aLondon :
_bStevens & Sons,
_c1964.
300 _axviii, 183 p. ;
_c22 cm.
490 0 _aLibrary of world affairs,
_vno. 62
504 _aBibliographical footnotes and index.
650 0 _aLegal documents
_xInterpretation and construction.
_914014
650 0 _aInternational administrative courts.
_914015
942 _2ddc
_cBK
999 _c4432
_d4432